| 000 | 00679nam a2200301Ia 4500 | ||
|---|---|---|---|
| 005 | 20260401122228.0 | ||
| 008 | 008 250103s9999 xx 000 0 eng d | ||
| 020 | _a195666089 | ||
| 037 | _aTB | ||
| 040 | _aEDL | ||
| 040 | _beng | ||
| 040 | _cEDL | ||
| 041 | _2eng | ||
| 041 | _aeng | ||
| 084 | _aIn820 HAS | ||
| 084 | _qEDL | ||
| 100 | _aHasan, Mushirul | ||
| 245 | 0 | _aFrom Pluralism to Separatism: Qasbas in Colonial Awadh | |
| 245 | 0 | _cHasan, Mushirul | |
| 260 | _aOxford | ||
| 260 | _bOxford University Press | ||
| 260 | _c2004 | ||
| 300 | _a335p | ||
| 942 | _cTB | ||
| 942 | _hIn820 HAS | ||
| 999 |
_c1845797 _d1845797 |
||